[Event "16th WCh U20 Girls"]
[Site "Kozhikode IND"]
[Date "1998.11.30"]
[Round "13"]
[White "Miroslawska, Monika"]
[Black "Xu Yuanyuan"]
[Result "0-1"]
[WhiteElo "2470"]
[BlackElo "2240"]
[EventDate "1998.11.17"]
[PlyCount "80"]

1.Nf3 d5 2.d4 Nf6 3.c4 dxc4 4.e3 Bg4 5.Bxc4 e6 6.O-O Bd6 7.Nc3 Nc6 8.Be2 
O-O 9.h3 Bh5 10.Nh2 Bg6 11.Bd2 e5 12.dxe5 Bxe5 13.f4 Bd6 14.f5 Bxh2+ 15.
Kxh2 Qd6+ 16.Kh1 Rad8 17.Be1 Qe5 18.Qb1 Bh5 19.g4 Bxg4 20.hxg4 Qxe3 21.Bf3
Qh6+ 22.Kg2 Nxg4 23.Bxg4 Qg5 24.Kh3 Rfe8 25.Bh4 Qh6 26.Rf3 Ne5 27.Qc1 Rd2 
28.Qe1 Rh2+ 29.Kxh2 Nxf3+ 30.Kg2 Nxe1+ 31.Rxe1 Qd2+ 32.Re2 Rxe2+ 33.Nxe2 
Qxb2 34.f6 c5 35.fxg7 Qxg7 36.Kh3 c4 37.Ng3 c3 38.Bf5 Qh6 39.Kg4 Qd2 40.
Ne4 Qd1+ 0-1

[Event "16th WCh U20 Girls"]
[Site "Kozhikode IND"]
[Date "1998.11.30"]
[Round "13"]
[White "Sheldon, Ruth"]
[Black "Radziewicz, Iweta"]
[Result "0-1"]
[WhiteElo "2220"]
[BlackElo "2425"]
[EventDate "1998.11.17"]
[PlyCount "100"]

1.d4 e6 2.c4 Bb4+ 3.Nc3 b6 4.f3 f5 5.Nh3 Bb7 6.Qc2 Qh4+ 7.Nf2 Qxd4 8.Bd2 
Qh4 9.g3 Qd8 10.O-O-O Nf6 11.h4 Nc6 12.Bg5 Be7 13.e4 fxe4 14.Bxf6 Bxf6 15.
Nfxe4 a6 16.Bg2 Qe7 17.Kb1 O-O-O 18.Qf2 Bxc3 19.Nxc3 Qc5 20.Qxc5 bxc5 21.
Ne4 d6 22.Rhe1 h6 23.f4 Nd4 24.b4 Bxe4+ 25.Bxe4 Kd7 26.Kb2 Rb8 27.Kc3 Rb6 
28.bxc5 dxc5 29.Rb1 Rhb8 30.Bd3 Kd6 31.Bg6 a5 32.Rxb6+ cxb6 33.a4 Ke7 34.
Bd3 Kf7 35.Rf1 h5 36.f5 e5 37.Rf2 Kf6 38.Be4 Rd8 39.Kb2 Rd6 40.Kc3 Nc6 41.
Rg2 Ne7 42.Bf3 Nxf5 43.Bxh5 e4 44.Be2 Ke5 45.h5 Nd4 46.Bg4 Nf3 47.Re2 Rd3+
48.Kb2 Nd4 49.Rg2 e3 50.Rg1 Rb3+ 0-1

[Event "16th WCh U20 Girls"]
[Site "Kozhikode IND"]
[Date "1998.11.30"]
[Round "13"]
[White "Werner, Isabel"]
[Black "Lakos, Nikoletta"]
[Result "1-0"]
[WhiteElo "2195"]
[BlackElo "2385"]
[EventDate "1998.11.17"]
[PlyCount "87"]

1.e4 g6 2.d4 Bg7 3.Nc3 c6 4.Bc4 b5 5.Bb3 d6 6.Qf3 e6 7.Nge2 a5 8.a3 Ba6 9.
Be3 Nd7 10.Rd1 Qe7 11.e5 d5 12.Nf4 f6 13.Nxe6 Qxe6 14.Nxd5 cxd5 15.Bxd5 
Bb7 16.Bxb7 Rb8 17.Bd5 Qf5 18.e6 Nf8 19.Bc6+ Ke7 20.Bf4 Rd8 21.d5 Nxe6 22.
dxe6 Qxe6+ 23.Qe3 Qxe3+ 24.Bxe3 Rxd1+ 25.Kxd1 f5 26.c3 Nf6 27.Bxb5 Rb8 28.
a4 Nd5 29.Bc5+ Kd8 30.Re1 Nc7 31.Re7 Bf6 32.Rd7+ Kc8 33.Rxh7 Nxb5 34.axb5 
Rxb5 35.Ba3 Rd5+ 36.Kc2 Bg5 37.Kb3 Rd2 38.Bc5 Bd8 39.Rg7 g5 40.Be3 a4+ 41.
Ka3 Re2 42.Bxg5 Bxg5 43.Rxg5 Rxf2 44.Rg7 1-0

[Event "16th WCh U20 Girls"]
[Site "Kozhikode IND"]
[Date "1998.11.30"]
[Round "13"]
[White "Vijayalakshmi, Subbaraman"]
[Black "Humpy, Koneru"]
[Result "1-0"]
[WhiteElo "2335"]
[BlackElo "2140"]
[EventDate "1998.11.17"]
[PlyCount "75"]

1.c4 Nf6 2.Nc3 e5 3.g3 Nc6 4.Bg2 Bc5 5.e3 d6 6.Nge2 Bg4 7.h3 Bh5 8.O-O O-O
9.g4 Bg6 10.d4 Bb6 11.f4 h5 12.g5 Nd7 13.f5 Bh7 14.h4 exd4 15.exd4 Re8 16.
Kh1 Nf8 17.Nd5 Qd7 18.Nxb6 axb6 19.Ng3 Ne7 20.Qf3 Nc6 21.Qd3 Nb4 22.Qb3 
Qa4 23.Qxa4 Rxa4 24.b3 Rxa2 25.Rxa2 Nxa2 26.Bd2 c5 27.dxc5 dxc5 28.Bxb7 
Nb4 29.Nxh5 Nd7 30.Ng3 Nb8 31.h5 Kf8 32.g6 Bg8 33.f6 Rd8 34.fxg7+ Kxg7 35.
Nf5+ Kf8 36.Bh6+ Ke8 37.Re1+ Kd7 38.Re7# 1-0

[Event "16th WCh U20 Girls"]
[Site "Kozhikode IND"]
[Date "1998.11.30"]
[Round "13"]
[White "Miloradovic, Jelena"]
[Black "Dokmanovic, Nina"]
[Result "1/2-1/2"]
[WhiteElo "2130"]
[BlackElo "2120"]
[EventDate "1998.11.17"]
[PlyCount "20"]

1.c4 Nf6 2.g3 g6 3.Bg2 Bg7 4.e3 d6 5.Ne2 O-O 6.O-O e5 7.Nbc3 Nc6 8.Rb1 Be6
9.Nd5 a5 10.d3 Qd7 1/2-1/2

[Event "16th WCh U20 Girls"]
[Site "Kozhikode IND"]
[Date "1998.11.30"]
[Round "13"]
[White "Shah, Pallavi G."]
[Black "Kouvatsou, Maria"]
[Result "1-0"]
[WhiteElo "2130"]
[BlackElo "2120"]
[EventDate "1998.11.17"]
[PlyCount "37"]

1.e4 c5 2.Nf3 e6 3.d4 cxd4 4.Nxd4 Nf6 5.Nc3 d6 6.Be3 Be7 7.f4 O-O 8.Qf3 
Nc6 9.O-O-O Qa5 10.Nb3 Qc7 11.g4 a6 12.g5 Nd7 13.h4 g6 14.h5 Re8 15.f5 
exf5 16.hxg6 fxg6 17.Bc4+ Kh8 18.Rxh7+ Kxh7 19.Qh3+ 1-0

[Event "16th WCh U20 Girls"]
[Site "Kozhikode IND"]
[Date "1998.11.30"]
[Round "13"]
[White "Bekiarisova, Alena"]
[Black "Ramaswamy, Aarthie"]
[Result "0-1"]
[WhiteElo "2175"]
[BlackElo "2035"]
[EventDate "1998.11.17"]
[PlyCount "122"]

1.e4 c5 2.Nf3 Nc6 3.d4 cxd4 4.Nxd4 Nf6 5.Nc3 d6 6.Be3 Ng4 7.Bg5 h6 8.Bh4 
g5 9.Bg3 Bg7 10.Nb3 h5 11.h4 gxh4 12.Bxh4 Be6 13.f4 Ne3 14.Qd3 Nb4 15.Qb5+
Bd7 16.Qg5 Bf6 17.Qg3 Nexc2+ 18.Kd2 Bxh4 19.Rxh4 Nxa1 20.Nxa1 Qb6 21.Nb3 
O-O-O 22.a3 Be6 23.Na4 Qc6 24.axb4 Qxa4 25.Qc3+ Kb8 26.Nd4 Bg4 27.Be2 Bxe2
28.Kxe2 Rc8 29.Qa3 Qxa3 30.bxa3 e6 31.Rh3 Rhg8 32.Kf2 Rg4 33.Ne2 Rcg8 34.
g3 Rh8 35.Kf3 Rgg8 36.Rh1 Kc7 37.Rc1+ Kd7 38.Rd1 Rc8 39.e5 d5 40.f5 Rc4 
41.Nd4 Rc3+ 42.Kf2 Rxa3 43.Nb5 Rb3 44.Nd6 Rxb4 45.Nxf7 Rf8 46.Nd6 exf5 47.
Rxd5 Ke6 48.Ra5 a6 49.Kf3 f4 50.gxf4 Rfxf4+ 51.Ke3 h4 52.Nxb7 Rbe4+ 53.Kd3
Rxe5 54.Rxa6+ Kf5 55.Ra1 h3 56.Rh1 Kg4 57.Rg1+ Kh4 58.Rh1 Kg3 59.Rg1+ Kf2 
60.Rg7 h2 61.Rh7 Kg2 0-1

[Event "16th WCh U20 Girls"]
[Site "Kozhikode IND"]
[Date "1998.11.30"]
[Round "13"]
[White "Meenakshi, Subbaraman"]
[Black "Riznar, Helena"]
[Result "1-0"]
[WhiteElo "2115"]
[BlackElo "2025"]
[EventDate "1998.11.17"]
[PlyCount "47"]

1.d4 d5 2.c4 e6 3.Nc3 Be7 4.cxd5 exd5 5.Nf3 Nf6 6.Bg5 O-O 7.e3 h6 8.Bh4 b6
9.Bd3 Be6 10.Ne5 c5 11.O-O Nfd7 12.Bxe7 Qxe7 13.f4 Nf6 14.Kh1 Rc8 15.Qf3 
Qb7 16.Rad1 c4 17.Bb1 b5 18.g4 b4 19.g5 bxc3 20.gxf6 gxf6 21.f5 Kf8 22.
fxe6 Qe7 23.exf7 fxe5 24.Qg4 1-0

[Event "16th WCh U20 Girls"]
[Site "Kozhikode IND"]
[Date "1998.11.30"]
[Round "13"]
[White "Stumberger, Tania"]
[Black "Sorli, Maja"]
[Result "1/2-1/2"]
[WhiteElo "2020"]
[BlackElo "2010"]
[EventDate "1998.11.17"]
[PlyCount "21"]

1.d4 d5 2.c4 e6 3.Nc3 Nf6 4.cxd5 exd5 5.Bg5 Be7 6.e3 O-O 7.Bd3 h6 8.Bh4 
Re8 9.Qc2 c6 10.Nge2 Ne4 11.Bxe7 1/2-1/2